| 000 | 00922ntm a22002177a 4500 | ||
|---|---|---|---|
| 005 | 20170813153801.0 | ||
| 008 | 170802s2011 xx a frb 000 0 eng d | ||
| 040 |
_aEG-ScBUE _beng _cEG-ScBUE |
||
| 082 | 0 | 4 |
_a624 _bABA _222 |
| 100 | 1 | _dAbaza, Yara Mohamed Saied. | |
| 245 | 1 | 0 |
_aHistoric Cairo a new life, a new vision : _brehabilitation of heritage sites through the adaptive re-use of historical buildings El Moez street, historic Cairo / _cby Yara Mohamed Saied Abaza. |
| 260 | _c2011. | ||
| 300 |
_a88 p. : _bill. (col.) ; _c28 cm. |
||
| 500 | _aA Dissertation submitted to the faculty of engineering, The British University in Egypt, in partial fulfillment of the requirements for the bachelor degree in architectural engineering | ||
| 590 | _aNOURA TARK KAMAL. | ||
| 650 | 7 |
_vProjects _2BUEsh _a Atrchitectural Engineering. |
|
| 653 |
_bENGGEN _cAugust2017 |
||
| 655 | _vSPRO | ||
| 777 | _ASPRO | ||
| 942 | _2ddc | ||
| 999 |
_c25103 _d25075 |
||